01069nam a2200265Ia 4500003001000000005001700010008002800027020001700055040003500072082002600107100003500133245009400168250001700262264006100279300004100340336002700381337003300408338002800441500009700469650005400566650004000620651005500660651004300715700004500758CO-BoRNBP20231007222748.0141031s9999 ck 000 0 spa d a978958993705 aCO-BoRNBPbspaerdacCO-BoRNBP04a398.0986137 F663f2221 aCortés de Piñeros, María10aFolclor colombianobdepartamento de Boyacá cMaría Cortés de Piñeros... [y otros] a1a edición aBogotábPatronato Colombiano de Artes y Cienciasc2010 a267 páginasbilustracionesc25 cm. atextobtxt2rdacontent asin mediaciónbn2rdamedia avolumenbnc2rdacarrier aEste es un numero suelto de la revista Nueva Revista Colombiana de Folclor. Incluye índice142LEMBaMúsica folclórica zBoyacá (Colombia)142LEMBaFolclor zBoyacá (Colombia)14aBoyacá (Colombia)xDanzas populares nacionales 14aBoyacá (Colombia)xMitos y leyendas 1 aCortés de Piñeros, Maríaedirector